000 01288nam a2200349Ic 4500
001 60745
003 CO-BoRNBP
005 20260317204026.0
007 ta
008 170410s20232016ck a g 000 0 spa d
020 _a9789588845609
040 _aCO-BoRNBP
_bspa
_erda
_cCO-BoRNBP
041 _aspa
084 _aA
100 1 _aCastaño, Samuel
_d1988-
_eaut
_eill
_965377
245 1 3 _aEl tiempo de mi casa /
_ctexto e iustraciones Samuel Castaño Mesa.
250 _aPrimera edición
_bQuinta reimpresión
264 1 _aMedellín, Colombia :
_bTragaluz,
_c2023
300 _a[40] páginas sin numerar :
_bilustraciones a color
336 _atexto
_btxt
_2rdacontent
337 _asin mediación
_bn
_2rdamedia
338 _avolumen
_bnc
_2rdacarrier
500 _aEl material correspondiente a la dotación PNLB 2023, corresponde quinta reimpresión 2023
545 _aIncluye datos biográficos del autor
650 1 7 _aÁlbumes infantiles colombianos
_ySiglo XX
_2rnbp
_91018
650 1 7 _aLibros ilustrados para niños
_2rnbp
_92001
650 1 7 _aMuerte en la literatura
_2rnbp
_91050
650 1 7 _aRelación abuelo y nietos
_2lemb
_963745
650 1 7 _aTiempo en la literatura
_2rnbp
_91616
650 1 7 _aLiteratura infantil colombiana
_ySiglo XX
_2rnbp
_9364
942 _2loc
_cBKINF
999 _c60745
_d60745